[Event "Paris-ch IdF"]
[Site "Paris"]
[Date "2023.07.15"]
[Round "7"]
[White "Rakhmangulova, Anastasiya"]
[Black "Meillon, Judicael"]
[Result "1/2-1/2"]
[WhiteElo "2347"]
[BlackElo "2273"]
[PlyCount "66"]
[EventDate "2023.07.11"]
[EventType "swiss"]
[EventRounds "9"]
[EventCountry "FRA"]
[SourceTitle "CBM 215 Extra"]
[Source "ChessBase"]
[SourceDate "2023.09.30"]
[SourceVersion "1"]
[SourceVersionDate "2023.09.30"]
[SourceQuality "1"]

1. e4 c6 2. d4 d5 3. e5 Bf5 4. h4 h5 5. Bd3 Bxd3 6. Qxd3 Qa5+ 7. Nd2 e6 8. Ngf3 Nh6 9. 0-0 Nf5 10. Nb3 Qa6 11. Qd1 Nd7 12. Bg5 c5 13. c3 Rc8 14. Re1 cxd4 15. Nfxd4 Nxd4 16. Nxd4 Bc5 17. b3 Qb6 18. Re3 Nf8 19. a4 Bxd4 20. cxd4 Ng6 21. Rg3 Qb4 22. Bc1 Qe7 23. Ba3 Qxh4 24. Qd3 Rc6 25. Rxg6 fxg6 26. Qxg6+ Kd8 27. Qxg7 Re8 28. Qxb7 Qxd4 29. Qxc6 Qxa1+ 30. Bc1 Qxe5 31. Be3 Qa1+ 32. Kh2 Qe5+ 33. g3 h4 1/2-1/2

[Event "FRA-ch U18"]
[Site "Agen"]
[Date "2023.04.29"]
[Round "8"]
[White "Meillon, Judicael"]
[Black "Gresser, Baptiste"]
[Result "1/2-1/2"]
[WhiteElo "2273"]
[BlackElo "1985"]
[PlyCount "141"]
[EventDate "2023.04.23"]
[EventType "swiss"]
[EventRounds "9"]
[EventCountry "FRA"]
[SourceTitle "CBM 214 Extra"]
[Source "ChessBase"]
[SourceDate "2023.07.31"]
[SourceVersion "1"]
[SourceVersionDate "2023.07.31"]
[SourceQuality "1"]

1. Nf3 Nf6 2. g3 g6 3. b3 Bg7 4. Bb2 0-0 5. Bg2 c5 6. c4 b6 7. 0-0 Bb7 8. Nc3 d5 9. Nxd5 Nxd5 10. Bxg7 Kxg7 11. cxd5 Qxd5 12. d4 cxd4 13. Qxd4+ Qxd4 14. Nxd4 Bxg2 15. Kxg2 Rd8 16. Rfd1 Na6 17. Nc6 Rdc8 18. Nxe7 Re8 19. Nc6 Rxe2 20. Rd7 Rc8 21. Rxa7 Rxc6 22. Rxa6 Rcc2 23. Rf1 Rxa2 24. Rxb6 Reb2 25. h4 h5 26. Kf3 Ra3 27. Re1 Rbxb3+ 28. Rxb3 Rxb3+ 29. Re3 Rb4 30. Re4 Rb3+ 31. Re3 Rb4 32. Ra3 Kf6 33. Rc3 Ra4 34. Rc6+ Kg7 35. Rd6 Rc4 36. Ke3 Ra4 37. Rd4 Ra3+ 38. Kf4 Ra5 39. Re4 Rf5+ 40. Ke3 Ra5 41. Re8 Rb5 42. Rd8 Re5+ 43. Kf3 Rf5+ 44. Kg2 Ra5 45. Rd3 Rb5 46. Rd2 Rb3 47. Kf1 Rb5 48. Rd3 Rb2 49. Kg2 Rb5 50. f3 Rb2+ 51. Kh3 Ra2 52. g4 hxg4+ 53. fxg4 Ra4 54. g5 Rc4 55. Kg3 Ra4 56. Rf3 Rb4 57. Rf4 Rb3+ 58. Kg4 Rc3 59. Ra4 Rb3 60. Kf4 Rb5 61. Ke4 Rb1 62. Ke5 Re1+ 63. Re4 Rxe4+ 64. Kxe4 f6 65. Kd5 f5 66. Ke5 Kf7 67. h5 gxh5 68. Kxf5 Kg7 69. g6 h4 70. Kg4 Kxg6 71. Kxh4 1/2-1/2

[Event "Noisiel op 8th"]
[Site "Noisiel"]
[Date "2023.02.22"]
[Round "8"]
[White "Bonte, Andrei Mihai"]
[Black "Meillon, Judicael"]
[Result "1-0"]
[WhiteElo "2335"]
[BlackElo "2296"]
[PlyCount "145"]
[EventDate "2023.02.18"]
[EventType "swiss"]
[EventRounds "9"]
[EventCountry "FRA"]
[SourceTitle "CBM 212 Extra"]
[Source "ChessBase"]
[SourceDate "2023.03.31"]
[SourceVersion "1"]
[SourceVersionDate "2023.03.31"]
[SourceQuality "1"]

1. d4 d5 2. Nf3 e6 3. Bf4 Nf6 4. e3 Be7 5. Nbd2 0-0 6. Bd3 b6 7. Ne5 Ba6 8. Nc6 Qe8 9. Nxe7+ Qxe7 10. Bxa6 Nxa6 11. 0-0 c5 12. c3 b5 13. Qb3 b4 14. Qa4 Qb7 15. cxb4 Nxb4 16. dxc5 Nd3 17. Bd6 Rfc8 18. Qd4 Qa6 19. b4 Qa3 20. Rfb1 e5 21. Bxe5 Nxe5 22. Qxe5 a5 23. Rb3 Qa4 24. b5 Nd7 25. Qxd5 Nxc5 26. Rb2 Qa3 27. Rc2 Na4 28. Rxc8+ Rxc8 29. g3 Qe7 30. Qe4 Qf6 31. Qd4 Qxd4 32. exd4 Nc3 33. a4 Ne2+ 34. Kg2 Nxd4 35. Rb1 Kf8 36. b6 Ke7 37. b7 Rb8 38. Nc4 Nc6 39. Rb5 Kd7 40. Nxa5 Nxa5 41. Rxa5 Rxb7 42. Rd5+ Kc6 43. Rd4 Rb2 44. h4 h5 45. Kf3 g6 46. Rd8 Ra2 47. Rd4 f6 48. Ke3 Kc5 49. Re4 Kd5 50. Rf4 Ke5 51. Rb4 Kf5 52. Kf3 Ra3+ 53. Kg2 Ra2 54. Rb5+ Kg4 55. a5 g5 56. Rb4+ Kf5 57. Rb5+ Kg4 58. hxg5 fxg5 59. a6 h4 60. Rb4+ Kf5 61. gxh4 Rxa6 62. Rb5+ Kg4 63. hxg5 Rg6 64. Ra5 Rg7 65. Ra3 Kh4 66. Rh3+ Kg4 67. Rg3+ Kh5 68. Kh3 Rg6 69. Rg2 Ra6 70. g6 Ra8 71. g7 Rg8 72. Rg3 Kh6 73. Kh4 1-0

[Event "Noisiel op 8th"]
[Site "Noisiel"]
[Date "2023.02.20"]
[Round "4"]
[White "Kufferath, Camille"]
[Black "Meillon, Judicael"]
[Result "1-0"]
[WhiteElo "2099"]
[BlackElo "2296"]
[PlyCount "87"]
[EventDate "2023.02.18"]
[EventType "swiss"]
[EventRounds "9"]
[EventCountry "FRA"]
[SourceTitle "CBM 212 Extra"]
[Source "ChessBase"]
[SourceDate "2023.03.31"]
[SourceVersion "1"]
[SourceVersionDate "2023.03.31"]
[SourceQuality "1"]

1. e4 d6 2. d4 Nf6 3. Nc3 g6 4. f4 Bg7 5. Nf3 c5 6. e5 Nfd7 7. exd6 0-0 8. Bb5 exd6 9. 0-0 Nc6 10. Be3 Re8 11. Bf2 a6 12. Bxc6 bxc6 13. dxc5 Nxc5 14. Bd4 Bf6 15. Re1 Rxe1+ 16. Qxe1 Bf5 17. Rd1 Bxc2 18. Rd2 Bxd4+ 19. Nxd4 Bf5 20. Nxc6 Qe8 21. Ne7+ Kf8 22. Re2 Be6 23. Ncd5 Bxd5 24. Nxd5 Qd8 25. Qc3 f6 26. Nxf6 Qb6 27. Nd5 Ne4+ 28. Nxb6 Nxc3 29. bxc3 Ra7 30. a4 Rc7 31. c4 Rc6 32. a5 Kf7 33. Rd2 Ke6 34. Kf2 Rc7 35. Kf3 Rf7 36. Ke4 Rf8 37. Re2 Rf5 38. Nd5 Rf7 39. Rb2 g5 40. Rb6 Ra7 41. Rxa6 Rb7 42. Rb6 Ra7 43. a6 gxf4 44. Nxf4+ 1-0

[Event "Noisiel op 8th"]
[Site "Noisiel"]
[Date "2023.02.19"]
[Round "2"]
[White "Shyam, Nikil P"]
[Black "Meillon, Judicael"]
[Result "1-0"]
[WhiteElo "2487"]
[BlackElo "2296"]
[PlyCount "67"]
[EventDate "2023.02.18"]
[EventType "swiss"]
[EventRounds "9"]
[EventCountry "FRA"]
[SourceTitle "CBM 212 Extra"]
[Source "ChessBase"]
[SourceDate "2023.03.31"]
[SourceVersion "1"]
[SourceVersionDate "2023.03.31"]
[SourceQuality "1"]

1. Nf3 g6 2. d4 Bg7 3. e4 d6 4. Bc4 Nf6 5. Qe2 0-0 6. 0-0 c6 7. Bb3 Bg4 8. h3 Bxf3 9. Qxf3 Nbd7 10. c3 a5 11. a4 Qb6 12. Bc2 e5 13. Rd1 Rfe8 14. Na3 d5 15. exd5 Nxd5 16. Nc4 Qc7 17. dxe5 Nxe5 18. Nxe5 Rxe5 19. Bd2 Rae8 20. Re1 Rxe1+ 21. Bxe1 Qb6 22. Rb1 Rxe1+ 23. Rxe1 Qxb2 24. c4 Nb4 25. Bb3 Bc3 26. Re7 Bf6 27. Rxb7 Na6 28. c5 Qa1+ 29. Kh2 Qe5+ 30. g3 Nxc5 31. Rxf7 Nxb3 32. Qxb3 Kh8 33. Rf8+ Kg7 34. Qf7+ 1-0

[Event "FRA-ch Blitz Online Qual"]
[Site "Europe Echecs INT"]
[Date "2020.05.16"]
[Round "2"]
[White "Meillon, Judicael"]
[Black "Maisuradze, Nino"]
[Result "1/2-1/2"]
[WhiteElo "2063"]
[BlackElo "2214"]
[PlyCount "135"]
[EventDate "2020.05.16"]
[EventType "swiss (blitz)"]
[EventRounds "15"]
[EventCountry "FRA"]
[SourceTitle "CBM 196 Extra"]
[Source "ChessBase"]
[SourceDate "2020.07.31"]
[SourceVersion "1"]
[SourceVersionDate "2020.07.31"]
[SourceQuality "1"]

1. c4 e5 2. Nc3 Nc6 3. e3 g6 4. Nge2 Bg7 5. d4 d6 6. b3 f5 7. Bb2 Nf6 8. dxe5 Nxe5 9. Nf4 0-0 10. Be2 c6 11. 0-0 Qe7 12. Qd2 Be6 13. Rad1 Rad8 14. Nxe6 Qxe6 15. h3 a6 16. Rfe1 b5 17. cxb5 axb5 18. Qc2 b4 19. Na4 Rc8 20. Nb6 Rc7 21. Nc4 Nxc4 22. Bxc4 d5 23. Bf1 c5 24. Bxf6 Bxf6 25. Rxd5 Kg7 26. Red1 Rfc8 27. Bc4 Qe7 28. Qd3 Be5 29. Rd7 Rxd7 30. Qxd7 Rc7 31. Qxe7+ Rxe7 32. Rd5 Bc3 33. Rxc5 Ra7 34. g3 h6 35. Kg2 Rxa2 36. Rc7+ Kf6 37. Rc6+ Kg7 38. Ra6 Rb2 39. g4 Be1 40. gxf5 Rxf2+ 41. Kg1 Rxf5 42. Ra7+ Kf6 43. Rf7+ Kg5 44. Rxf5+ Kxf5 45. Bd3+ Kg5 46. Kg2 Bc3 47. Kf3 Kf6 48. Ke4 g5 49. Kd5 h5 50. e4 g4 51. hxg4 hxg4 52. Bf1 g3 53. Bg2 Be5 54. Bh3 Bc3 55. Bg2 Ke7 56. e5 Bd2 57. e6 Be1 58. Bh3 Bc3 59. Ke4 Be1 60. Kf3 Bf2 61. Ke4 Bc5 62. Kd5 Bf2 63. Kc6 Be1 64. Kc5 Bd2 65. Kc4 Be1 66. Kc5 Bd2 67. Kc4 Be1 68. Kc5 1/2-1/2

[Event "FRA-ch Blitz Online Qual"]
[Site "Europe Echecs INT"]
[Date "2020.05.16"]
[Round "3"]
[White "Rode, Anthony"]
[Black "Meillon, Judicael"]
[Result "1-0"]
[WhiteElo "2055"]
[BlackElo "2063"]
[PlyCount "85"]
[EventDate "2020.05.16"]
[EventType "swiss (blitz)"]
[EventRounds "15"]
[EventCountry "FRA"]
[SourceTitle "CBM 196 Extra"]
[Source "ChessBase"]
[SourceDate "2020.07.31"]
[SourceVersion "1"]
[SourceVersionDate "2020.07.31"]
[SourceQuality "1"]

1. e4 g6 2. d4 Bg7 3. Nc3 d6 4. f4 a6 5. Bd3 b5 6. Nf3 Bb7 7. 0-0 Nd7 8. e5 e6 9. exd6 cxd6 10. Ne4 Nb6 11. Kh1 Nf6 12. Qe2 Nxe4 13. Bxe4 Bxe4 14. Qxe4 0-0 15. c3 d5 16. Qe2 Rc8 17. Ne5 Nd7 18. Rf3 Qe7 19. Rh3 Nxe5 20. fxe5 f6 21. exf6 Qxf6 22. Rf3 Qe7 23. Bf4 Rf7 24. Re1 Rcf8 25. Ref1 g5 26. Be5 Bxe5 27. dxe5 Rxf3 28. Rxf3 Rxf3 29. Qxf3 Qf7 30. Qe2 Qf5 31. h3 Qb1+ 32. Kh2 Qxa2 33. Qh5 Qxb2 34. Qxg5+ Kf8 35. Qf6+ Kg8 36. Qxe6+ Kf8 37. Qf6+ Kg8 38. e6 Qa3 39. Qf7+ Kh8 40. Qe8+ Kg7 41. Qf7+ Kh6 42. Qf6+ Kh5 43. g4# 1-0

[Event "FRA-ch U14"]
[Site "Hyeres"]
[Date "2019.04.19"]
[Round "7"]
[White "Meillon, Judicael"]
[Black "Papadiamandis, Elliot"]
[Result "0-1"]
[WhiteElo "1987"]
[BlackElo "2157"]
[PlyCount "160"]
[EventDate "2019.04.14"]
[EventType "swiss"]
[EventRounds "9"]
[EventCountry "FRA"]
[SourceTitle "CBM 190 Extra"]
[Source "ChessBase"]
[SourceDate "2019.07.15"]
[SourceVersion "1"]
[SourceVersionDate "2019.07.15"]
[SourceQuality "1"]

1. e3 Nf6 2. Nf3 d5 3. b3 e6 4. Bb2 Be7 5. Be2 Nbd7 6. 0-0 0-0 7. d3 b6 8. Nbd2 Bb7 9. h3 c5 10. Nh2 e5 11. c4 Re8 12. Ng4 Bf8 13. cxd5 Nxd5 14. Bf3 f5 15. Nh2 N7f6 16. Re1 Rb8 17. a3 b5 18. Qc2 Qd7 19. Rac1 Nb6 20. Bxb7 Qxb7 21. d4 cxd4 22. Qxf5 dxe3 23. Rxe3 Qd7 24. Qxd7 Nbxd7 25. Ne4 Nxe4 26. Rxe4 Rbc8 27. Rxc8 Rxc8 28. Ng4 Rc2 29. Bxe5 Nxe5 30. Nxe5 Bxa3 31. b4 Bb2 32. g4 a6 33. Nd3 Bf6 34. Re6 Rc3 35. Nf4 Ra3 36. Kg2 Ra2 37. Nd3 Kf7 38. Nc5 a5 39. bxa5 Bd4 40. Rc6 Rxf2+ 41. Kg3 Rc2 42. a6 Bxc5 43. a7 Bf2+ 44. Kf3 Ra2 45. Rc7+ Kf6 46. a8Q Rxa8 47. Kxf2 Rb8 48. Rc3 b4 49. Rb3 Ke5 50. Ke3 Kd5 51. Kd3 Kc5 52. Kc2 Ra8 53. Rf3 Ra2+ 54. Kc1 Ra7 55. Kc2 Ra2+ 56. Kc1 Rh2 57. g5 g6 58. Re3 Kd4 59. Rg3 Kc4 60. Rf3 b3 61. Rf4+ Kc3 62. Rf3+ Kb4 63. Rf7 Kc3 64. Rb7 Rxh3 65. Rc7+ Kd4 66. Kb2 Ke4 67. Rf7 Ke5 68. Rf1 Ke6 69. Rf2 Rh5 70. Kxb3 Rxg5 71. Kc3 Rd5 72. Re2+ Kf6 73. Rf2+ Kg7 74. Kc4 Rd1 75. Ra2 h5 76. Ra7+ Kh6 77. Ra8 h4 78. Rb8 g5 79. Rg8 Kh5 80. Kc3 h3 0-1

[Event "Montigny Autumn-A 16th"]
[Site "Montigny le Bretonneux"]
[Date "2017.10.24"]
[Round "4"]
[White "Daurelle, Herve"]
[Black "Meillon, Judicael"]
[Result "1/2-1/2"]
[WhiteElo "2180"]
[BlackElo "1847"]
[PlyCount "28"]
[EventDate "2017.10.21"]
[EventType "tourn"]
[EventRounds "9"]
[EventCountry "FRA"]
[SourceTitle "EXT 2019"]
[Source "ChessBase"]
[SourceDate "2018.10.10"]
[SourceVersion "1"]
[SourceVersionDate "2018.10.10"]
[SourceQuality "1"]

1. e4 g6 2. d4 Bg7 3. Nf3 d6 4. Nc3 a6 5. a4 Nc6 6. d5 Ne5 7. Nxe5 Bxe5 8. g3 Nf6 9. Bg2 c6 10. 0-0 cxd5 11. Nxd5 Nxd5 12. exd5 Bf5 13. Bh6 Qb6 14. g4 Bd7 1/2-1/2

[Event "FRA-ch U12"]
[Site "Belfort"]
[Date "2017.04.16"]
[Round "3.4"]
[White "Meillon, Judicael"]
[Black "Lamhene, Elias"]
[Result "1-0"]
[WhiteElo "1884"]
[BlackElo "1715"]
[PlyCount "123"]
[EventDate "2017.04.16"]
[EventType "swiss"]
[EventRounds "9"]
[EventCountry "FRA"]
[SourceTitle "EXT 2019"]
[Source "ChessBase"]
[SourceDate "2018.10.10"]
[SourceVersion "1"]
[SourceVersionDate "2018.10.10"]
[SourceQuality "1"]

1. e4 c5 2. b4 d6 3. Nf3 Nf6 4. Bb5+ Bd7 5. Bxd7+ Nbxd7 6. bxc5 Nxc5 7. d3 g6 8. Nc3 Bg7 9. Bd2 0-0 10. 0-0 d5 11. exd5 Nxd5 12. Nxd5 Qxd5 13. d4 Ne4 14. Bb4 Rfe8 15. Qd3 Ng5 16. Nxg5 Qxg5 17. Rad1 Rad8 18. Qe4 Qb5 19. c3 a5 20. Bc5 Qc4 21. Rb1 b5 22. Qc6 Rb8 23. Qa6 a4 24. Rfd1 Qxa2 25. Rxb5 Qe2 26. Rdb1 Rxb5 27. Qxb5 Qxb5 28. Rxb5 Ra8 29. Ba3 e6 30. Kf1 Bf8 31. Bxf8 Kxf8 32. Ke2 a3 33. Rb1 a2 34. Ra1 Ke7 35. Kd3 Kd6 36. Kc4 Ra7 37. Kb3 Rb7+ 38. Kxa2 Kd5 39. Rb1 Rc7 40. Kb3 Ke4 41. Kc2 Rd7 42. Re1+ Kd5 43. Re5+ Kc6 44. Rc5+ Kb6 45. Kd3 f6 46. Kc4 f5 47. Kb4 h5 48. Re5 Rd6 49. c4 Kc6 50. Rxe6 Rxe6 51. d5+ Kd6 52. dxe6 Kxe6 53. Kc5 Kd7 54. Kd5 h4 55. Ke5 Kc6 56. Kf6 f4 57. Kxg6 Kc5 58. Kf5 Kxc4 59. Kxf4 Kd5 60. Kg5 Ke6 61. f4 Kf7 62. f5 1-0